000
00337nam a2200133Ia 4500
008
240624s9999 xx 000 0 und d
041
_a
eng
082
_a
346.082 VAR
100
_a
VARSHNEY P N
245
_a
BANKING LAW AND PRACTICE
260
_c
2007
_a
New Delhi
_b
Sultan Chand and Sons
300
_a
xii, : A.42 : p. ; cm.
365
_c
RS
999
_c
8807
_d
8807